000 02183nam a2200313Ia 4500
999 _c51571
_d51571
001 18562
003 GE_BSU
005 20250311164816.0
008 181216s2016||||ge |||||||||||||| ||geo||
020 _a9789941243868
040 _cGE_BSU
041 _ageo
080 _a27-36 წ-71
245 _aწმინდა მაქსიმე აღმსარებელი ; წმინდა ათანასე ათონელი ; წმინდა მაქსიმე ბერძენი ; წმინდა იპოლიტე რომაელი /
_cშემდგენელი სოფიო თავაძე ; გარეკანის დიზაინი რატი თორდია.
264 _aთბილისი :
_bპალიტრა L,
_c2016.
300 _a145 გვ. ;
_c20 სმ.
490 _aსაქართველოს იმედი II : ყველა წმინდანი, რომელთა შესახებაც უნდა იცოდე, 2298-0547 / პროექტის რედაქტორი თამარ მამაცაშვილი ;
_v წიგნი 54
500 _aიბეჭდება სრ. საქართველოს კათოლიკოს-პატრიარქის, უწმინდესისა და უნეტარესის ილია II-ის ლოცვა-კურთხევით
504 _aბიბლიოგრ. : გვ. 143
541 _h2 ლ.
653 _aწმინდა მაქსიმე აღმსარებელი
653 _a წმინდა ათანასე ათონელი
653 _aწმინდა მაქსიმე ბერძენი
653 _aწმინდა იპოლიტე რომაელი
700 _aთავაძე, სოფიო
_eშემდგენელი
_924518
700 _aმამაცაშვილი, თამარ
_eპროექტის რედაქტორი
_924519
700 _aთორდია, რატი
_eდიზაინერი
_917902
942 _cBK
_2udc